000 01840nam0a2200361 4500
001 RU\NLR\bibl\367355
005 20241118140325.0
020 _aRU
_b02-19021
_9Летопись авторефератов диссертаций
021 _aRU
_b2002-14242а
_9570а
035 _a(NLR Aleph) 000361917
090 _a341165
_c341165
100 _a20030207d2002 u u0rusy50 ca
101 0 _arus
102 _aRU
105 _aa dm |||||
200 1 _aМагнитострикционные волноводные преобразователи параметров движения
_e(Развитие теории, исслед. техн. возможностей, развитие науч. базы для проектирования)
_eАвтореф. дис. на соиск. учен. степ. д.т.н.
_eСпец. 05.13.05
_fЯсовеев В.Х.
_g[Уфим. гос. авиац. техн. ун-т]
210 _aУфа
_d2002
215 _a37 с.
_cил.
_d20
320 _aБиблиогр.: с. 33-37 (52 назв.)
610 0 _aТехнические науки
675 _a621.372.82:681.51
_v3
_zrus
686 _a47
_2rugasnti
686 _a32.84
_2rubbk
686 _a05.13.05
_2oksvnk
700 1 _aЯсовеев
_bВ. Х.
_gВасих Хаматович
801 0 _aRU
_bRKP
_c20030207
_gPSBO
801 1 _aRU
_bRKP
_c20030207
801 2 _aRU
_bNLR
_c20030419
_grcr
852 _aNLR
_j2002-А/14242
942 _cBOOK
981 1 0 _a(10) Авторефераты
_b(10) 05.00.00 Технические науки
_b05.13.00 Информатика, вычислительная техника и управление
_b05.13.05 Элементы и устройства вычислительной техники и систем управления